| 000 | 00919nam a22002177a 4500 | ||
|---|---|---|---|
| 999 |
_c58927 _d58927 |
||
| 003 | Ge_BSU | ||
| 005 | 20221019170937.0 | ||
| 008 | 221019s2021 gw ||||| |||| 00| 0 goh d | ||
| 020 | _a9789941269677 | ||
| 041 | _ageo | ||
| 080 | _a327(4) J-24 | ||
| 100 |
_aJapharidze, Edisher _915376 |
||
| 245 |
_aModerne Herausforderungen der Nachbarschafstpolitik von EU im Südkaukasus : _b(Anhand der ofiziellen Quelle der Europäischen Unterlagen) / _cEdisher Japharidze : Redakteuren: Penka Angelova, Igor Kveselava. |
||
| 264 |
_aTbilisi : _bUniversal, _c2021. |
||
| 300 |
_a152 p. ; _b20 cm. |
||
| 504 | _aბიბლიოგრაფია: გვ. 145-150. | ||
| 653 | _aევროკავშირის სამეზობლო პოლიტიკა | ||
| 700 |
_aAngelova, Penka _eრედაქტორი _915377 |
||
| 700 |
_aKveselava, Igor _eრედაქტორი _915378 |
||
| 942 |
_2udc _cBK |
||